Программы для вузов и втузов ... № 1(а): Программа курса математики для втузов (Запись № 13610151)

Подробности
000 -МАРКЕР
контрольное поле 01372nam2a2200265 4500
001 - ИДЕНТИФИКАТОР ЗАПИСИ
контрольное поле rc\2979628
005 - ИДЕНТИФИКАТОР ВЕРСИИ
контрольное поле 20260315062240.0
035 ## - ДРУГИЕ СИСТЕМНЫЕ НОМЕРА
Идентификатор записи (NLR Aleph) 007125120
100 ## - ДАННЫЕ ОБЩЕЙ ОБРАБОТКИ
Данные общей обработки 20110910d1933 u y0rusy50 ca
101 0# - ЯЗЫК РЕСУРСА
Язык текста, звукозаписи и т.д. русский
102 ## - СТРАНА ПУБЛИКАЦИИ ИЛИ ПРОИЗВОДСТВА
Страна публикации российская федерация
105 ## - ПОЛЕ КОДИРОВАННЫХ ДАННЫХ: ТЕКСТОВЫЕ МАТЕРИАЛЫ, МОНОГРАФИЧЕСКИЕ
Кодированные данные о монографическом текстовом документе y z |||||
200 1# - ЗАГЛАВИЕ И СВЕДЕНИЯ ОБ ОТВЕТСТВЕННОСТИ
Основное заглавие Программа курса математики для втузов
Сведения, относящиеся к заглавию 2 сокр. вариант
Первые сведения об ответственности Сост. проф. А.С. Бутягин
210 ## - ПУБЛИКАЦИЯ, РАСПРОСТРАНЕНИЕ И ДР.
Дата издания, распространения и т.д. [1933]
215 ## - ФИЗИЧЕСКАЯ ХАРАКТЕРИСТИКА
Специфическое обозначение материала и объем 13 с., [2] с. "Для заметок"
300 ## - ОБЩИЕ ПРИМЕЧАНИЯ
Текст примечания Без тит. л. и обл.
300 ## - ОБЩИЕ ПРИМЕЧАНИЯ
Текст примечания Утверждено высшим учебно-методическим советом ... 1933 г.
461 #0 - УРОВЕНЬ НАБОРА
Встроенное поле 001rc\2979627
-- 2001#$aПрограммы для вузов и втузов ...$e№ 1(а)-$fКом-т по высшей тех. школе при ЦИК СССР$v№ 1(а)
Системный номер (АБИС) связанной записи 6902100
Автор СССР. Комитет по высшему техническому образованию
Место публикации [Москва]
Дата публикации [1933]
Первые сведения об ответственности Ком-т по высшей тех. школе при ЦИК СССР
Имя издателя, распространителя и т.д. Гос. техн. теорет. изд-во
Сведения, относящиеся к заглавию № 1(а)-
Заглавие Программы для вузов и втузов ...
Номер тома № 1(а)
702 #1 - ИМЯ ЛИЦА - ВТОРИЧНАЯ ОТВЕТСТВЕННОСТЬ
Начальный элемент ввода Бутягин
Часть имени, кроме начального элемента ввода А.С.
Код отношения Составитель
801 #0 - ИСТОЧНИК ЗАПИСИ
Страна российская федерация
Организация NLR
Правила каталогизации psbo
801 #1 - ИСТОЧНИК ЗАПИСИ
Страна российская федерация
Организация ELAR
Источник данных rusmarc
852 ## - МЕСТОНАХОЖДЕНИЕ И ШИФР ХРАНЕНИЯ
Идентификатор организации NLR
Шифр хранения (Call Number) 33-18/557(1)
942 ## - ДОПОЛНИТЕЛЬНЫЕ ЭЛЕМЕНТЫ ЗАПИСИ (АБИС)
Тип экземпляра АБИС Неопределено
980 ## - КОЛЛЕКЦИЯ
Название коллекции Национальная библиография

Нет доступных экземпляров.